Erasmo y España (Record no. 17945)
[ view plain ]
| 000 -LEADER | |
|---|---|
| campo de control de longitud fija | 01076nam a2200289 i 4500 |
| 001 - NÚMERO DE CONTROL | |
| campo de control | 17945 |
| 003 - IDENTIFICADOR DE NÚMERO DE CONTROL | |
| campo de control | ES-MaACL |
| 005 - FECHA Y HORA DE LA ÚLTIMA TRANSACCIÓN | |
| campo de control | 20250915203308.0 |
| 007 - CAMPO FIJO DE DESCRIPCIÓN FÍSICA--INFORMACIÓN GENERAL | |
| campo de control de longitud fija | t| |
| 008 - DATOS DE LONGITUD FIJA--INFORMACIÓN GENERAL | |
| campo de control de longitud fija | 010627s1950 mx ||||1| spa d |
| 080 ## - NÚMERO DE LA CLASIFICACIÓN DECIMAL UNIVERSAL | |
| Número de la Clasificación Decimal Universal | 1 Erasmus, Desiderius: 008(460) |
| 080 ## - NÚMERO DE LA CLASIFICACIÓN DECIMAL UNIVERSAL | |
| Número de la Clasificación Decimal Universal | 008 (460)"15" |
| 100 1# - ENTRADA PRINCIPAL--NOMBRE DE PERSONA | |
| Nombre de persona | Bataillon, Marcel. |
| 9 (RLIN) | 26396 |
| 245 10 - MENCIÓN DEL TÍTULO | |
| Título | Erasmo y España |
| Resto del título | : estudios sobre la historia espiritual del siglo XVI / |
| Mención de responsabilidad, etc. | por Marcel Bataillon ; traducción de Antonio Alatorre. |
| 250 ## - MENCION DE EDICION | |
| Mención de edición | 1ª ed. en español corr. y aum. |
| 260 ## - PUBLICACIÓN, DISTRIBUCIÓN, ETC. | |
| Lugar de publicación, distribución, etc. | México : |
| Nombre del editor, distribuidor, etc. | Fondo de Cultura Económica, |
| Fecha de publicación, distribución, etc. | 1950. |
| 300 ## - DESCRIPCIÓN FÍSICA | |
| Extensión | 2 v. ; |
| Dimensiones | 24 cm. |
| 490 1# - MENCIÓN DE SERIE | |
| Mención de serie | Sección de obras de historia |
| 600 14 - PUNTO DE ACCESO ADICIONAL DE MATERIA--NOMBRE DE PERSONA | |
| Nombre de persona | Erasmus, Desiderius, |
| Fechas asociadas al nombre | 1467-1536- |
| Subdivisión general | Influencia |
| 9 (RLIN) | 172325 |
| 650 #7 - PUNTO DE ACCESO ADICIONAL DE MATERIA--TÉRMINO DE MATERIA | |
| Término de materia o nombre geográfico como elemento de entrada | Filosofía renacentista |
| Fuente del encabezamiento o término | embne |
| 9 (RLIN) | 147263 |
| 651 #4 - PUNTO DE ACCESO ADICIONAL DE MATERIA--NOMBRE GEOGRÁFICO | |
| Nombre geográfico | España- |
| Subdivisión general | Civilización- |
| Subdivisión cronológica | S.XVI. |
| 9 (RLIN) | 8169 |
| 700 1# - ENTRADA AGREGADA--NOMBRE PERSONAL | |
| Nombre de persona | Alatorre, Antonio. |
| 9 (RLIN) | 19169 |
| 830 1# - PUNTO DE ACCESO ADICIONAL DE SERIE-TÍTULO UNIFORME | |
| Título uniforme | Sección de obras de historia |
| 9 (RLIN) | 179403 |
| 852 ## - LOCALIZACIÓN | |
| Ubicación | ES-MaACL |
| Número de control de estantería | AND-37-8 |
| Nota libre | - Biblioteca Juan Andrade |
| 852 ## - LOCALIZACIÓN | |
| Ubicación | ES-MaACL |
| Número de control de estantería | D-6768-69 |
| Estatus retirado | Estado de pérdida | Estado de daño | No para préstamo | Biblioteca de origen | Biblioteca actual | Ubicación en estantería | Fecha de adquisición | Fuente de adquisición | Total de préstamos | Signatura topográfica completa | Código de barras | Visto por última vez | Precio de reemplazo | Tipo de ítem Koha |
|---|---|---|---|---|---|---|---|---|---|---|---|---|---|---|
| Biblioteca del Ateneo de Madrid | Biblioteca del Ateneo de Madrid | Sala Valle Inclán | 17/01/2008 | D-6768-69 | 901018335 | 23/02/2023 | 23/02/2023 | Libro impreso | ||||||
| Biblioteca del Ateneo de Madrid | Biblioteca del Ateneo de Madrid | Depósito 2 | 17/01/2008 | AND-37-8 | 1018334 | 23/02/2023 | 23/02/2023 | Libro impreso |
